Kommunikációs stratégiák vizsgálata az online társkeresésben

Bibliográfiai részletek
Szerző: Nagy Rebeka Timea
További közreműködők: Zelena Dr. András
Dokumentumtípus: Diplomadolgozat
Kulcsszavak:Online társkeresés
Kommunikáció
Tinder
Online Access:http://dolgozattar.uni-bge.hu/20621

MARC

LEADER 00000nta a2200000 i 4500
001 dolg20621
005 20200506140844.0
008 190506suuuu hu om 000 hun d
040 |a BGE Dolgozattár Repozitórium  |b hun 
041 |a hu 
100 1 |a Nagy Rebeka Timea 
245 1 0 |a Kommunikációs stratégiák vizsgálata az online társkeresésben  |c Nagy Rebeka Timea  |h [elektronikus dokumentum] 
246 1 1 |a Kommunikációs stratégiák vizsgálata az online társkeresésben 
695 |a Online társkeresés 
695 |a Kommunikáció 
695 |a Tinder 
700 1 |a Zelena Dr. András  |e ths 
856 4 0 |u http://dolgozattar.uni-bge.hu/20621/1/SzakdolgozatNagyRebeka%20-1.pdf  |z Dokumentum-elérés